Prevencia rakovinových ochorení sa presúva na internet

Bibliographic Details
Main Author: Tittlová, Marcela, 1984- (Author)
Format: Article
Language:Slovak
ISSN:1335-4701
Subjects:

MARC

LEADER 00000nab a2200000 a 4500
001 vtls008833209
003 SK-MaSNL
005 20260304030514.0
008 140301c20060404xo dr|p|||||||000 b|slo
015 |a SNBRB2006/07  |2 snkbucl 
038 |a SNKBUCL 
040 |a SNKBUCL  |b slo  |c SNKBUCL  |e AACR2 
041 0 |a slo 
044 |a xo  |c SK 
080 |a 616-006-08.4:004.738.52  |2 1997 
080 |a 004.738.52  |2 1997 
100 1 |a Tittlová, Marcela,  |d 1984-  |4 aut  |9 172858 
245 1 0 |a Prevencia rakovinových ochorení sa presúva na internet  |c Marcela Tóthová 
650 0 7 |a malígne nádorové ochorenia  |2 snkbucl  |9 67540 
650 0 7 |a prevencia  |2 snkbucl  |9 276631 
650 0 7 |a webové stránky  |2 snkbucl  |9 2008 
773 0 |t Hospodárske noviny  |g Roč. XIV., č. 66 (4.4.2006)  |x 1335-4701 
773 0 8 |t Kvalita života  |g S. 26 
852 |a SNK  |b KIS3GCP 
999 |c 2634411  |d 2636341